<?xml version="1.0" encoding="utf-8"?>
<?xml-stylesheet type='text/xsl' href='./oai2.xsl'?>
<OAI-PMH xmlns="http://www.openarchives.org/OAI/2.0/" xmlns:xsi="http://www.w3.org/2001/XMLSchema-instance" xsi:schemaLocation="http://www.openarchives.org/OAI/2.0/ http://www.openarchives.org/OAI/2.0/OAI-PMH.xsd">
  <responseDate>2026-05-16T00:03:25Z</responseDate>
  <request verb="GetRecord" metadataPrefix="marcxml" identifier="record_kuniweb_162926">https://kulturerbe.niedersachsen.de/oai</request>
  <GetRecord>
    <record>
      <header>
        <identifier>record_kuniweb_162926</identifier>
        <datestamp>2025-08-28T09:38:22Z</datestamp>
        <setSpec>slg0217</setSpec>
      </header>
      <metadata>
        <marc:record xmlns:marc="http://www.loc.gov/MARC21/slim" xsi:schemaLocation="http://www.loc.gov/MARC21/slim http://www.loc.gov/standards/marcxml/schema/MARC21slim.xsd">
          <marc:leader>12345nkm  22     uu 4500</marc:leader>
          <marc:controlfield tag="001">162926</marc:controlfield>
          <marc:controlfield tag="003">http://kuniweb.gbv.de</marc:controlfield>
          <marc:controlfield tag="005">2019-04-15T12:07:21</marc:controlfield>
          <marc:controlfield tag="008">|           ||||||||||||||||||||||</marc:controlfield>
          <marc:datafield tag="245" ind1="1" ind2="0">
            <marc:subfield code="a">Fundament zum Steinbrecher No. 2 für Fa. Luther in Braunschweig, 1911</marc:subfield>
          </marc:datafield>
          <marc:datafield tag="720" ind1=" " ind2=" ">
            <marc:subfield code="a">Luther &amp; Co, Braunschweig</marc:subfield>
          </marc:datafield>
          <marc:datafield tag="655" ind1=" " ind2="7">
            <marc:subfield code="a">Grafik</marc:subfield>
          </marc:datafield>
          <marc:datafield tag="046" ind1=" " ind2=" ">
            <marc:subfield code="k">1911-05-04</marc:subfield>
            <marc:subfield code="k">04.05.1911</marc:subfield>
          </marc:datafield>
          <marc:datafield tag="260" ind1=" " ind2=" ">
            <marc:subfield code="g">1911-05-04</marc:subfield>
            <marc:subfield code="g">04.05.1911</marc:subfield>
          </marc:datafield>
          <marc:datafield tag="520" ind1=" " ind2=" ">
            <marc:subfield code="a">Zeichnung – schwarz-weiß   
Herstellungsort – Königshütte, Bad Lauterberg

Auftraggeber und Standort:
Fa. Luther, Braunschweig

Anmerkung:
Hugo Luther, der Sohn des Mühlenbaupioniers Gottlieb Luther, gründete 1852 die Mühlenbauanstalt Luther &amp; Peters in Wolfenbüttel. Hugo Luther besuchte das Wolfenbütteler Gymnasium, sammelte praktische Erfahrungen im väterlichen Betrieb und studierte anschließend von 1869 bis 1873 Maschinenbau am Zürcher Polytechnikum und an der Technischen Hochschule München. …
Er kehrte 1875 in das nach Braunschweig umgezogene väterliche Geschäft zurück, dessen Alleininhaber er 1879 nach dem Tod des Vaters wurde. Das unter dem Namen „G. Luther, Maschinenfabrik und Mühlenbauanstalt“ (Luther-Werke) firmierende Unternehmen bezog Ende 1877 mit 80 Mitarbeitern neue Hallen an der Frankfurter Straße. Es entstand eines der führenden Unternehmen in den Bereichen Mühlen-, Turbinen- und Speicherbau sowie der Herstellung von Hafenausrüstungen. Im Jahre 1888 erfolgte die Umwandlung in eine Kommanditgesellschaft. Die drei Kommanditisten Amme, Giesecke und Konegen schieden 1894 aus und gründeten in Braunschweig das Konkurrenzunternehmen Amme, Giesecke und Konegen (AGK). Im Gegenzug expandierten 1897 die Luther-Werke durch Übernahme der Mühlenbauanstalt und Maschinenfabrik vorm. Gebrüder Seck.  …. Es entstand ein Unternehmen von Weltgeltung, das 1898 in eine AG umgewandelt wurde. Hugo Luther zog sich ein Jahr später aus gesundheitlichen Gründen aus der Firma zurück und starb 1901.
Die Luther-Werke wurden 1925 Teil der „Mühlenbau und Industrie AG“ (MIAG).
Hugo Luther – Wikipedia
https://de.wikipedia.org/wiki/Hugo_Luther




 (Förderkreis Königshütte Bad Lauterberg e.V.)

Maßstab: 1 zu 10</marc:subfield>
          </marc:datafield>
          <marc:datafield tag="650" ind1="1" ind2=" ">
            <marc:subfield code="a">Steinbrecher</marc:subfield>
          </marc:datafield>
          <marc:datafield tag="650" ind1="1" ind2=" ">
            <marc:subfield code="a">Grafik, Fotografie &gt; Zeichnung</marc:subfield>
          </marc:datafield>
          <marc:datafield tag="650" ind1="1" ind2=" ">
            <marc:subfield code="a">Industrie</marc:subfield>
          </marc:datafield>
          <marc:datafield tag="650" ind1="1" ind2=" ">
            <marc:subfield code="a">Braunschweig (Niedersachsen)</marc:subfield>
          </marc:datafield>
          <marc:datafield tag="773" ind1="0" ind2=" ">
            <marc:subfield code="t">Maschinenelemente, Zubehör und Werkzeuge</marc:subfield>
          </marc:datafield>
          <marc:datafield tag="852" ind1=" " ind2=" ">
            <marc:subfield code="a">Industriedenkmal Königshütte Bad Lauterberg im Harz</marc:subfield>
          </marc:datafield>
          <marc:datafield tag="" ind1=" " ind2=" ">
            <marc:subfield code="a">Namensnennung - Nicht kommerziell - Keine Bearbeitungen 4.0 International (CC BY-NC-ND 4.0)</marc:subfield>
          </marc:datafield>
        </marc:record>
      </metadata>
    </record>
  </GetRecord>
</OAI-PMH>
